MDQL
is popping MORE tags! Check the
thread
!
Quizzes
Events
Quiz Creation
Community
Videos
Private Events
Remove Ads
Sign In
Join for FREE
Feedback
Dark Mode
Quiz Categories
Sports
Geography
Music
Movies
Television
Just For Fun
Miscellaneous
History
Literature
Language
Science
Gaming
Entertainment
Religion
Holiday
For Kids
Quiz Lab
Recent
Popular Today
Quiz Kudos Today
Editor Picks
Curator Picks
Quizzes by...
Day
Popularity
Type
Ratings
Length
Year
Community
Subscriptions
Recent Discussions
Orange Saloon
Badges
Playlists
Quests
Create
Leaderboards
Showdown
Live 5
Trivia Bingo
Activity
Puzzle Library
Sporcle Events
Private Events
Virtual Trivia
Globe League
Become a Host
Pub Owners
SporcleCon
Opinionation
Our Games
Videos
Blog
Mobile Apps
Partnerships
Remove Ads and Go Orange
Feedback
Sports
Athletes
MLB
NBA
NHL
NFL
Soccer
Sports Teams
WWE
NCAA
Football
Premier League
Basketball
Baseball
Hockey
Golf
Tennis
Cricket
Rugby
Auto Racing
Olympics
World Cup
Sports
Athletes
MLB
NBA
NHL
NFL
Soccer
Sports Teams
WWE
NCAA
Football
Premier League
Basketball
Baseball
Hockey
Golf
Tennis
Cricket
Rugby
Auto Racing
Olympics
World Cup
Random Quiz
Search Sporcle
×
Quiz Lab
Quiz Lab
Sports
Rugby
Type in answers that appear in a list
Type in answers that appear in a list
Classic
Best Score? Go Orange.
St Helens Squad 2015 Stats
Can you name the St Helens Squad 2015?
By
dalehead80
7m
26 Questions
95 Plays
95 Plays
95 Plays
Comments
Comments
Give Quiz Kudos
Give Quiz Kudos
-
- Ratings
hide this ad
Replay
Link that replays current quiz
Next Quiz
Link to next quiz in quiz playlist
You Got
0%
They Got
Avg Score
49%
Avg Friend Score
Upgrade to see
Score Distribution
Jump to the score distribution portion of the page
Score
0/26
Timer
07:00
0
Plays Today
Position
Player
% Correct
Full Back
Jonny Lomax
92.6%
Wing
Tom Makinson
92.6%
Hooker
James Roby
85.3%
Wing
Adam Swift
84.2%
Centre
Mark Percival
78.9%
Prop
Alex Walmsley
74.7%
Half Back
Luke Walsh
73.7%
Prop
Kyle Amor
70.5%
Full Back
Paul Wellens
70.5%
Centre
Jordan Turner
67.4%
Centre
Josh Jones
60%
Prop
Louie McCarthy-Scarsbrook
60%
Prop
Mose Masoe
52.6%
Position
Player
% Correct
Prop
Greg Richards
49.5%
Prop
Joe Greenwood
43.2%
Second Row /
Prop
Atelea Vea
38.9%
Half Back
Lance Hohaia
37.9%
Back Row
Mark Flanagan
36.8%
Wing /
Centre
Matty Dawson
29.5%
Back Row
Andre Savelio
24.2%
Stand Off
Lewis Charnock
15.8%
Second Row
Jack Ashworth
13.7%
Prop
Anthony Walker
11.6%
Stand Off
David Hewitt
10.5%
Hooker
Matty Fozard
9.5%
Second Row
Oliver Davies
8.4%
Quiz Playlist
Details
Report
Send in Message
Add To Playlist
Classic:
Type in answers that appear in a list
Last Updated: Feb 16, 2017
Quiz Scoreboard
CHALLENGE
Sign Up to Join the Scoreboard
Show All
Scores
Hide
Comments
May contain spoilers
Recently Published
Holiday 10x10 Sorting Gallery
by lukepisani3
Holiday
15m
Two Season TV Shows II
by 123Four
Television
10m
Image Sorting: Flags VI
by Barbecue
Geography
2m
More to Explore
Quiz From the Vault
Featured Blog Post
14 Easter Pick-up Lines to Find Eggs With
hide this ad
You Might Also Like...
Tags
Rugby Quiz
English Rugby
First Team
Rugby League
Rugby Team
Saints
Senior Squad
Squad
Squad Members
St Helens
Super League
team
Today's Top Quizzes in Sports
Browse Sports
hide this ad
Today's Top Quizzes in Rugby
Browse Rugby
Top Contributed Quizzes in Sports
1
Les meilleurs buteurs des matchs entre le PSG et l’OM
2
Les entraîneurs de l'OM et du PSG au 21e siècle
3
2022 World Cup Stars
4
Les joueurs passés par le PSG et l'OM
5
Players with Multiple 50 Home Run Seasons
6
FIFA Club World Cup Champions
7
Top 10 NHL Goal Scorers of All Time
8
Les joueurs passés par le LOSC et le RC Lens
9
Criteria MLB: Left Handed Sluggers
10
2023 MLB Unique Player Accomplishments
Explore More
Trending Topics
Marvel
Crossword
Anime
Harry Potter
NBA
Disney
Kpop
Song
The Office
Puzzle
Country
Soccer
WWE
Pokémon
NFL
hide this ad
More By:
dalehead80
Quiz
Plays
Rating
Category
Featured
Created
British Heavyweight Boxing Champions All Time
585
1.00
Sports
Jun 15, 2016
Saracens Squad 2016/17
562
Sports
Mar 7, 2017
Saracens Squad 2015/16
463
Sports
Dec 7, 2015
Warrington Wolves Squad 2017
439
5.00
Sports
Mar 12, 2017
Leeds Rhinos Squad 2017
379
Sports
Feb 9, 2017
Go to Creator's Profile
Score Distribution
Quiz Creator Spotlight
dalehead80
Follow
Send a Message
Quizzes Created
-
Created Quiz Play Count
-
More By This Creator
Popular Quizzes Today
1
Find the US States - No Outlines Minefield
2
Colored Red Africa Blitz
3
Find the 'City' Movie
4
The Countries of the World
5
5x2 Blitz: Bands
6
Find the Countries of Europe - No Outlines Minefield
7
Find the US States
8
US States
More Sports Quizzes
1994 NBA Champions - Houston Rockets
Quiz Lab
Trending Quizzes
Colored Red Europe Blitz I
Colored Red Europe Blitz II
Colored Red Africa Blitz II
Even More Two Season TV Shows
Colored Red Africa Blitz III
Recently Updated
Odd Team Out - Big 4 Players
pecheneg
Quick Pick: 20 Twenties
pecheneg
March Madness Men's Triple Doubles
pecheneg
How Do You Spell That?
pecheneg
Godzilla Movies
pecheneg
Grab Bag: 4-10 Letters
pecheneg
2024 March Madness Bracket
pecheneg
Famous TV Couples
Peacemaker
Champions League XIs: Real Madrid
pecheneg
Largest US Cities 1790-2010
pecheneg
Trending Topics
Crossword
Marvel
Kpop
Anime
Disney
NBA
Harry Potter
WWE
The Office
Soccer
Pokémon
Song
NFL
Country
Puzzle
Your Account Isn't Verified!
In order to create a playlist on Sporcle, you need to verify the email address you used during registration. Go to your
Sporcle Settings
to finish the process.
Report this User
Report this user for behavior that violates our
Community Guidelines
.
Details:
Send Report
Go to the Sporcle.com Mobile Site →
Comments